Every NHL Coach per Franchise (Atlantic Division) - Statistics

General Stats
  • This quiz has been taken 14 times
  • The average score is 44 of 178
Answer Stats
Team Years Head Coach % Correct
BUF 1979-1980 Scotty Bowman
100%
BUF 1982-1985 Scotty Bowman
100%
DET 1993-2002 Scotty Bowman
100%
MTL 1971-1979 Scotty Bowman
100%
BOS 2007-2017 Claude Julien
89%
MTL 2003-2006 Claude Julien
89%
MTL 2017-2021 Claude Julien
89%
MTL 2022-Present Martin St. Louis
89%
BOS 2017-2022 Bruce Cassidy
78%
BOS 2022-2024 Jim Montgomery
78%
TBL 2001-2008 John Tortorella
78%
TBL 2013-Present Jon Cooper
78%
BUF 1997-2013 Lindy Ruff
78%
BUF 2024-Present Lindy Ruff
78%
DET 2005-2015 Mike Babcock
78%
TOR 2015-2019 Mike Babcock
78%
FLA 2022-Present Paul Maurice
78%
TOR 2006-2008 Paul Maurice
78%
TOR 2024-Present Craig Berube
67%
MTL 2021-2022 Dominique Ducharme
67%
OTT 2016-2019 Guy Boucher
67%
TBL 2010-2013 Guy Boucher
67%
DET 1986-1990 Jacques Demers
67%
MTL 1992-1995 Jacques Demers
67%
TBL 1998-1999 Jacques Demers
67%
FLA 2005-2008 Jacques Martin
67%
MTL 2009-2011 Jacques Martin
67%
OTT 1996-2004 Jacques Martin
67%
MTL 2000-2003 Michel Therrien
67%
MTL 2012-2017 Michel Therrien
67%
BOS 1997-2000 Pat Burns
67%
MTL 1988-1992 Pat Burns
67%
TOR 1992-1996 Pat Burns
67%
TOR 2019-2024 Sheldon Keefe
67%
MTL 1955-1968 Toe Blake
67%
OTT 2023-Present Travis Green
67%
FLA 2021-2022 Andrew Brunette
56%
OTT 2019-2023 D.J. Smith
56%
BOS 2024-Present Joe Sacco
56%
MTL 1995-1997 Mario Tremblay
56%
OTT 2011-2014 Paul MacLean
56%
TOR 2012-2015 Randy Carlyle
56%
MTL 1940-1955 Dick Irvin
44%
TOR 1931-1940 Dick Irvin
44%
BOS 1974-1979 Don Cherry
44%
MTL 2006-2009 Guy Carbonneau
44%
DET 2015-2022 Jeff Blashill
44%
FLA 2019-2021 Joel Quenneville
44%
TOR 1998-2006 Pat Quinn
44%
MTL 2011-2012 Randy Cunneyworth
44%
BOS 1991-1992 Rick Bowness
44%
OTT 1992-1995 Rick Bowness
44%
MTL 1997-2000 Alain Vigneault
33%
DET 1990-1993 Bryan Murray
33%
FLA 1997-1998 Bryan Murray
33%
OTT 2005-2007 Bryan Murray
33%
DET 2022-Present Derek Lalonde
33%
FLA 2014-2016 Gerard Gallant
33%
DET 1927-1947 Jack Adams
33%
BOS 1989-1991 Mike Milbury
33%
BUF 1995-1997 Ted Nolan
33%
BUF 2013-2015 Ted Nolan
33%
FLA 2017-2019 Bob Boughner
22%
BUF 2015-2017 Dan Bylsma
22%
OTT 2014-2016 Dave Cameron
22%
BUF 2021-2024 Don Granato
22%
MTL 1984-1985 Jacques Lemaire
22%
MTL 1985-1988 Jean Perron
22%
FLA 2011-2013 Kevin Dineen
22%
BOS 2000-2001 Mike Keenan
22%
FLA 2001-2003 Mike Keenan
22%
BOS 2003-2006 Mike Sullivan
22%
BOS 1954-1961 Milt Schmidt
22%
BOS 1962-1966 Milt Schmidt
22%
FLA 2008-2011 Peter DeBoer
22%
BUF 2019-2021 Ralph Krueger
22%
TBL 2008-2010 Rick Tocchet
22%
TOR 2008-2012 Ron Wilson
22%
TBL 1992-1998 Terry Crisp
22%
FLA 1998-2000 Terry Murray
22%
BOS 1924-1934 Art Ross
11%
BOS 1936-1939 Art Ross
11%
BOS 1941-1945 Art Ross
11%
MTL 1968-1970 Claude Ruel
11%
MTL 1979-1981 Claude Ruel
11%
TOR 1927-1930 Conn Smythe
11%
OTT 2009-2011 Cory Clouston
11%
BOS 2006-2007 Dave Lewis
11%
DET 2002-2005 Dave Lewis
11%
FLA 1995-1997 Doug MacLean
11%
FLA 2000-2001 Duane Sutter
11%
TOR 1986-1988 John Brophy
11%
BUF 1991-1995 John Muckler
11%
BUF 2017-2019 Phil Housley
11%
BUF 1970-1972 Punch Imlach
11%
TOR 1958-1969 Punch Imlach
11%
DET 1973-1977 Alex Delvecchio
0%
MTL 1939-1940 Alfred Lepine
0%
MTL 1970-1971 Al MacNeil
0%
DET 1926-1927 Art Duncan
0%
TOR 1930-1931 Art Duncan
0%
BOS 1973-1974 Bep Guidolin
0%
DET 1968-1969 Bill Gadsby
0%
BUF 1978-1979 Billy Inglis
0%
TOR 1957-1958 Billy Reay
0%
MTL 1981-1984 Bob Berry
0%
DET 1977-1980 Bobby Kromm
0%
DET 1985-1986 Brad Park
0%
BOS 1992-1995 Brian Sutter
0%
BOS 1985-1986 Butch Goring
0%
MTL 1926-1932 Cecil Hart
0%
MTL 1936-1939 Cecil Hart
0%
TOR 1923-1924 Charles Querrie
0%
TOR 1926-1927 Charles Querrie
0%
BOS 1939-1941 Cooney Weiland
0%
OTT 2008-2009 Craig Hartsburg
0%
BUF 1986-1987 Craig Ramsay
0%
TOR 1984-1986 Dan Maloney
0%
OTT 1995-1996 Dave Allison
0%
TOR 1917-1919 Dick Carroll
0%
BOS 1945-1949 Dit Clapper
0%
DET 1971-1973 Doug Barkley
0%
TOR 1989-1990 Doug Carpenter
0%
TOR 1924-1926 Eddie Powers
0%
BUF 1974-1977 Floyd Smith
0%
TOR 1979-1980 Floyd Smith
0%
TOR 1920-1921 Frank Carroll
0%
TOR 1919-1920 Frank Heffernan
0%
BOS 1934-1936 Frank Patrick
0%
BOS 1979-1980 Fred Creighton
0%
TOR 1988-1989 George Armstrong
0%
TOR 1921-1923 George O'Donoghue
0%
BOS 1949-1950 Georges Boucher
0%
BOS 1980-1985 Gerry Cheevers
0%
TOR 1940-1950 Hap Day
0%
BOS 1966-1970 Harry Sinden
0%
TOR 1956-1957 Howie Meeker
0%
BUF 1981-1982 Jimmy Roberts
0%
DET 1954-1958 Jimmy Skinner
0%
BUF 1985-1986 Jim Schoenfeld
0%
BUF 1972-1974 Joe Crozier
0%
TOR 1980-1981 Joe Crozier
0%
TOR 1950-1953 Joe Primeau
0%
TOR 1969-1973 John McLellan
0%
OTT 2007-2008 John Paddock
0%
FLA 2004 John Torchetti
0%
TOR 1953-1956 King Clancy
0%
MTL 1922-1926 Leo Dandurand
0%
MTL 1934-1935 Leo Dandurand
0%
BOS 1950-1954 Lynn Patrick
0%
BUF 1977-1978 Marcel Pronovost
0%
TOR 1996-1998 Mike Murphy
0%
TOR 1981-1984 Mike Nykoluk
0%
DET 1970-1971 Ned Harkness
0%
MTL 1917-1922 Newsy Lalonde
0%
MTL 1932-1934 Newsy Lalonde
0%
DET 1982-1985 Nick Polano
0%
FLA 2013-2014 Peter Horachek
0%
BOS 1961-1962 Phil Watson
0%
TOR 1973-1977 Red Kelly
0%
BUF 1989-1991 Rick Dudley
0%
FLA 2003-2004 Rick Dudley
0%
BOS 2001-2003 Robbie Ftorek
0%
BUF 1980-1981 Roger Neilson
0%
FLA 1993-1995 Roger Neilson
0%
TOR 1977-1979 Roger Neilson
0%
DET 1958-1968 Sid Abel
0%
DET 1969-1970 Sid Abel
0%
BOS 1995-1997 Steve Kasper
0%
TBL 1999-2001 Steve Ludzik
0%
MTL 1935-1936 Sylvio Mantha
0%
BUF 1987-1989 Ted Sator
0%
BOS 1986-1989 Terry O'Reilly
0%
BOS 1970-1973 Tom Johnson
0%
DET 1947-1954 Tommy Ivan
0%
FLA 2016-2017 Tom Rowe
0%
TOR 1990-1992 Tom Watt
0%
DET 1980-1982 Wayne Maxner
0%
No matching quizzes found
Score Distribution
Percent of People with Each Score
Percentile by Number Answered
Your Score History
You have not taken this quiz